000 00430nam a2200205Ia 4500
005 20250425162102.0
008 250425s9999 xx 000 0 und d
020 _a8448112865
041 _aspa
082 _a005.76
245 0 _aAUTOCAD V.14
250 _a1A ED.
260 _aEspaƱa
_bMCGH
_c1998
260 _aS.L.
300 _a189
650 _aAUTOCAD
650 _aAUTOCAD 14
942 _c01
010 _a48648
999 _c222035
_d222035